LIBRARY & INFORMATION CENTRE, KCAET, TAVANUR

ONLINE PUBLIC ACCESS CATALOGUE (OPAC)

Oxford Ibsen: Viking at Helgeland, Loves comedy,pretenders / (Record no. 11454)

MARC details
000 -LEADER
fixed length control field 00360cam a2200133ua 4500
041 ## - LANGUAGE CODE
Language code of text/sound track or separate title eng
082 ## - DEWEY DECIMAL CLASSIFICATION NUMBER
Classification number 822
Item number IBS/OX
100 ## - MAIN ENTRY--AUTHOR NAME
Personal name IBSEN, .
245 ## - TITLE STATEMENT
Title Oxford Ibsen: Viking at Helgeland, Loves comedy,pretenders /
260 ## - PUBLICATION, DISTRIBUTION, ETC. (IMPRINT)
Place of publication London :
Name of publisher Oxford university ,
Year of publication 1962.
300 ## - PHYSICAL DESCRIPTION
Number of Pages 378 ; .

No items available.

free website counter